[Event "Madrid San Viator op-B 29th"]
[Site "Madrid"]
[Date "2017.11.05"]
[Round "8"]
[White "Villanueva Ortega, Ruben"]
[Black "Rojo Jorge, Luis"]
[Result "1/2-1/2"]
[WhiteElo "1744"]
[BlackElo "1525"]
[PlyCount "115"]
[EventDate "2017.09.17"]
[EventType "swiss"]
[EventRounds "9"]
[EventCountry "ESP"]
[SourceTitle "EXT 2019"]
[Source "ChessBase"]
[SourceDate "2018.10.10"]
[SourceVersion "1"]
[SourceVersionDate "2018.10.10"]
[SourceQuality "1"]

1. d4 Nf6 2. Nf3 g6 3. c4 d5 4. Nc3 Bg7 5. Bg5 dxc4 6. e4 0-0 7. e5 Nd5 8. Bxc4 Be6 9. Qb3 Nxc3 10. bxc3 Bxc4 11. Qxc4 Nc6 12. 0-0 h6 13. Bh4 Qd7 14. Rad1 e6 15. Rfe1 Rfe8 16. h3 Qd5 17. Qxd5 exd5 18. Rb1 b6 19. Rb5 g5 20. Bg3 Rad8 21. c4 dxc4 22. e6 fxe6 23. Bxc7 Rd7 24. Be5 Nxd4 25. Bxd4 Bxd4 26. Re4 Bc5 27. Rxc4 Rd5 28. Rb2 b5 29. Re4 a5 30. h4 Kg7 31. hxg5 hxg5 32. Kf1 b4 33. Rc2 Kf6 34. Rec4 Bd6 35. Nd2 Be5 36. g3 Red8 37. Ne4+ Kf5 38. Nxg5 Kxg5 39. f4+ Bxf4 40. Rxf4 Rd4 41. Rf7 Rd3 42. Rg7+ Kf6 43. Rcc7 Rf8 44. Ra7 Ra3 45. Rgb7 Ke5+ 46. Ke1 Rff3 47. Rb5+ Kf6 48. Raxa5 Rxa5 49. Rxa5 Rxg3 50. Rb5 Rg4 51. Kf2 e5 52. Kf3 Kf5 53. Ra5 Rc4 54. Ke3 Rc3+ 55. Kd2 Ke4 56. Ra4 Rc4 57. a3 Kd4 58. Rxb4 1/2-1/2

[Event "Madrid San Viator op 22nd"]
[Site "Madrid"]
[Date "2014.05.18"]
[Round "7"]
[White "Franco Rincon, David"]
[Black "Villanueva Ortega, Ruben"]
[Result "1-0"]
[WhiteElo "1685"]
[BlackElo "1793"]
[PlyCount "105"]
[EventDate "2014.03.23"]
[EventType "swiss"]
[EventRounds "9"]
[EventCountry "ESP"]
[SourceTitle "EXT 2015"]
[Source "ChessBase"]
[SourceDate "2014.11.20"]
[SourceVersion "1"]
[SourceVersionDate "2014.11.20"]
[SourceQuality "1"]

1. b4 d5 2. Bb2 Qd6 3. a3 e5 4. e3 Be6 5. Nf3 Nd7 6. Be2 a5 7. b5 a4 8. 0-0 Be7 9. c3 Bf6 10. Qc2 Ne7 11. Rd1 Bf5 12. d3 Nc5 13. Nbd2 Nxd3 14. Bxd3 e4 15. Nxe4 dxe4 16. Bxe4 Bxe4 17. Qxe4 Qb6 18. Qb4 0-0 19. Rd2 c6 20. bxc6 Qxb4 21. cxb4 Bxb2 22. Rxb2 bxc6 23. Rc2 Rac8 24. Rac1 Rfd8 25. Kf1 Rd3 26. Rc3 Rcd8 27. Nd4 Rd2 28. Nxc6 Nxc6 29. Rxc6 Ra2 30. Rc8 Rf8 31. Rxf8+ Kxf8 32. Rc3 Rb2 33. Rc8+ Ke7 34. Ra8 g5 35. h3 h5 36. g4 h4 37. Rxa4 Ke6 38. Ra5 f6 39. Kg2 Kd6 40. Ra6+ Ke5 41. Ra5+ Kd6 42. b5 Kc5 43. a4 Rb4 44. Ra6 f5 45. gxf5 g4 46. f6 Rb2 47. f7 gxh3+ 48. Kxh3 Rxf2 49. Ra7 Kb6 50. Re7 Kc5 51. Kxh4 Kd6 52. Ra7 Ke6 53. b6 1-0

[Event "Madrid San Viator op 20th"]
[Site "Madrid"]
[Date "2013.06.09"]
[Round "9"]
[White "Garcia Sanjuan, Jose"]
[Black "Villanueva Ortega, Ruben"]
[Result "1-0"]
[WhiteElo "1877"]
[BlackElo "1610"]
[PlyCount "73"]
[EventDate "2013.04.07"]
[EventType "swiss"]
[EventRounds "9"]
[EventCountry "ESP"]
[SourceTitle "EXT 2014"]
[Source "ChessBase"]
[SourceDate "2013.11.20"]
[SourceVersion "1"]
[SourceVersionDate "2013.11.20"]
[SourceQuality "1"]

1. e4 e6 2. b3 d5 3. e5 c5 4. f4 Nc6 5. Nf3 h6 6. Ba3 Bd7 7. Nc3 a6 8. Bb2 Qc7 9. g3 g6 10. Bh3 Nge7 11. a4 Bg7 12. Rb1 0-0-0 13. Ba3 Nb4 14. Bxb4 cxb4 15. Ne2 Qb6 16. d4 f5 17. Bg2 Nc6 18. 0-0 Rdg8 19. h4 Bf8 20. Rc1 Be7 21. c4 g5 22. cxd5 exd5 23. hxg5 hxg5 24. fxg5 Bxg5 25. Nxg5 Rxg5 26. Bxd5 Kb8 27. Qd2 Rg4 28. Bxc6 Bxc6 29. Rxf5 Rh1+ 30. Kf2 Rh2+ 31. Ke1 Re4 32. Rf2 Rxf2 33. Kxf2 Rxe5 34. Qf4 Qc7 35. Qxe5 Qxe5 36. dxe5 Bd5 37. Nd4 1-0